000 00357 a2200145 4500
001 149909
040 _cEscola São Tomás de Aquino
100 _aMAGATÂO, Maria Goreth da Silva
240 1 0 _aCana caiana!
_lpor
245 1 0 _aCana caiana!
362 0 _a1999
440 1 _aEditora do Brasil
697 _aFolclore / Adivinhações / Lendas
942 _cBK
999 _c149909
_d149909